• 首页
  • 本馆介绍
  • 公告通知
  • 最新文献
  • 馆藏检索
  • 电子资源
  • 读者导购
  • 参考咨询
  • 我的图书馆
  • 登录
  • 详细信息显示
  • 放入我的书架
  • 预约/预借图书
  • 作者相关作品
  • 分类相关作品
  • 丛书相关作品
  • 出版社相关作品

书目信息

  • 表格格式
  • 工作单格式
  • 卡片格式
题名:
电解槽工学
    
 
作者: 日根文男 著 ;陈之川 , 安家驹 译
分册:  
出版信息: 北京   化学工业出版社  1985
页数: 367页
开本: 19cm
丛书名:
单 册:
中图分类: TQ151.1
科图分类:
主题词: 电解--化学工业
电子资源:
ISBN:
000 00776nam0 2200265 45
001 0185019382
005 20051114141749.48
010    @dCNY1.85
091    @a15063.3657
100    @a19900923d1985 em y0chiy0121 ea
101 1  @achi@cjpn
102    @aCN@b110000
105    @ay z 000yy
200 10 @a电解槽工学@Adian jie cao gong xue@f(日)日根文男著@F(ri)ri gen wen nan zhu@g安家驹, 陈之川译
210    @a北京@c化学工业出版社@d1985
215    @a367页@d19cm
300    @a根据1979年日文版译出
606 0  @a电解@x化学工业
690    @aTQ151.1
701  0 @a日根文男@Ari gen wen nan@4著
702  0 @a陈之川@Achen zhi chuan@4译
702  0 @a安家驹@Aan jia ju@4译
801  2 @aCN@bNLC@c20051114
801  0 @aCN@b深圳图书馆@c20040518
905    @f1@b141436@dTQ151.1@e12
    
    电解槽工学/(日)日根文男著/安家驹, 陈之川译.-北京:化学工业出版社,1985
    367页;19cm
    根据1979年日文版译出
    
    ISBN :CNY1.85
    
●
相关链接 在E读中查询图书 在五车中查询图书 在当当中查询图书 在豆瓣中查询图书


正题名:电解槽工学     索取号:TQ151.1/12         预约/预借

序号 登录号 条形码 馆藏地/架位号 状态 备注
1 0141435   202146285   密集书库/ [索取号:TQ151.1/12] 在馆    
2 0141436   001647347   第三借阅区/ [索取号:TQ151.1/12] 在馆    
3 0141437   202169893   密集书库/ [索取号:TQ151.1/12] 在馆    
唐山师范学院图书馆 欢迎您!
大连网信软件有限公司© 版权所有